000 00632nam a2200241Ia 4500
003 OSt
005 20220918221644.0
006 a|||||r|||| 00| 0
007 ta
008 220917b |||||||| |||| 00| 0 eng d
024 _a202,395
037 _cTextual
040 _aARTS
_cARTS
_beng
041 _2eng
_aeng
082 _aSN1:(X:8), P2
100 _aJoseph P.T.
_9141126
245 0 _aNine managerial styles of the Enneagram
260 _aNew Delhi
_bResponse books
_c2002
300 _a375 p
_ccm.
650 _aPSYCHOLOGY
942 _hSN1:(X:8), P2
_cTEXL
_2CC
999 _c273282
_d273282